000 00413nam a2200157 i 4500
001 27263
003 ES-MaACL
005 20230906153604.0
007 t|
008 030114s1933 mx ||||1| spa d
100 1 _aAtl
_cDr. (
_d1875-1964)
_923760
245 1 3 _aEl paisaje
_b: (un ensayo) /
_cDr. Atl.
260 _aMéxico :
_b[s.n.,
_c1933]
300 _a24 p., 32 lám. ;
_c25 cm.
852 _aES-MaACL
_jA-2044
999 _c27263
_d27263